Poesía selecta de Rubén Darío /
Gardado en:
| Autor Principal: | |
|---|---|
| Formato: | Desconocido |
| Idioma: | Spanish |
| Publicado: |
México :
Signos,
1982.
|
| Materias: | |
| Etiquetas: |
Engadir etiqueta
Sen Etiquetas, Sexa o primeiro en etiquetar este rexistro!
|
MARC
| LEADER | 000000000a22000000004500 | ||
|---|---|---|---|
| 001 | 008268 | ||
| 008 | 220524b |||||||| |||| 00| 0 spa d | ||
| 041 | 0 | |a spa | |
| 082 | 0 | 4 | |a N861.3 |b D218p |
| 100 | 1 | |a Darío, Rubén, |c seudónimo, |d 1867-1916 |9 61 | |
| 245 | 1 | 0 | |a Poesía selecta de Rubén Darío / |c Rubén Darío. |
| 260 | 1 | |a México : |b Signos, |c 1982. | |
| 300 | |a 116 páginas | ||
| 650 | 4 | |a LITERATURA NICARAGUENSE |9 54 | |
| 650 | 4 | |a POESIA |9 159 | |
| 942 | |c BK |2 ddc | ||
| 999 | |c 13858 |d 13858 | ||
